| 000 | 00780nam a22002057a 4500 | ||
|---|---|---|---|
| 999 |
_c165503 _d165503 |
||
| 005 | 20190620143021.0 | ||
| 010 | _aENG-125683 | ||
| 020 |
_a9788179755686 _c995.00 |
||
| 035 | _aEN-109215 | ||
| 037 | _bDBAD/PUB | ||
| 082 | _a954.084 | ||
| 245 |
_aSubhas Chandra Bose : _ced. by Raghav Sharan Sharma [and] Rebabrata Biswas _bpioneer of Indian economic and polotical planning / |
||
| 260 |
_aNew Delhi _bAnamika Publilshers _c2018 |
||
| 270 |
_a4697/3, 21A, Ansari Road, Daryaganj _bNew Delhi _e110002 _k011-23281655, 011-23270239 _manamikapublishers@yahoo.co.in |
||
| 300 |
_a328p. _c23cm(Hb) |
||
| 500 | _aIncludes bibliographical references and index | ||
| 700 | _aSharma, Raghav Sharan | ||
| 700 | _aBiswas, Debabrata | ||
| 942 |
_2ddc _cEN _h954.084 _mHUM |
||